000
00273nam a2200109Ia 4500
008
190913s9999||||xx |||||||||||||| ||und||
100
_a
John Vacca
245
4
_a
The Essential Guide To Storage Area Networks
260
_a
USA
_b
McGraw Hill
_c
1999
300
_a
538
942
_c
BK
999
_c
8166
_d
8166